Calcul sur ordinateur des équilibres liquide-vapeur et liquide-liquide : application a la distillation des melanges non ideaux et a l'extraction par solvants /

Guardado en:
Autor Corporativo: Institut français du pétrole.
Otros Autores: Renon, Henri., Prausnitz, John M., (Autor de introducción, etc., prol.)
Formato: Libro
Idioma:French
Publicado: Paris : Technip, 1971.
Series:Collection Science et technique du pétrole ; no. 17
Materias:
Etiquetas: Agregar Etiqueta
Sin Etiquetas, Sea el primero en etiquetar este registro!
LEADER 00988cam a22002295a 4500
001 EIQ.libpla000585
008 821209s1971####fr#a#####b####001#0#fre#d
005 20060706154312.0
245 0 0 |a Calcul sur ordinateur des équilibres liquide-vapeur et liquide-liquide :  |b application a la distillation des melanges non ideaux et a l'extraction par solvants /  |c Henri Renon ... [et al.] ; préface de John M. Prausnitz. 
260 |a Paris :  |b Technip,  |c 1971. 
300 |a xv, 342 p. :  |b il. ;  |c 25 cm. 
440 0 |a Collection Science et technique du pétrole ;  |v no. 17 
500 |a Incluye índices. 
504 |a Referencias bibliográficas: p. [109]-110. 
700 1 |a Renon, Henri. 
700 1 |a Prausnitz, John M.,  |e prol.  |4 aui 
710 2 |a Institut français du pétrole. 
650 4 |a Equilibrio químico  |x Procesamiento de datos. 
650 0 |a Chemical equilibrium  |x Data processing. 
010 |a  77597601  
040 |a DLC  |c CarP  |d AR-BbSID 
859 |a AR-BbSID  |b BIB. PLAPIQUI  |h 541.34  |i R 29  |p 403